Wioski przyłączone do Krakowa (po 1973r) - Statystyki

Ogólne statystyki
  • Ten quiz został rozwiązany 41 razy
  • Średni wynik to 9 z 24
Odpowiedzi na mapie
Odpowiedzi zakodowano w zielono-czerwonej skali na mapie do tego quizu, zgodnie z poniższymi procentami.
 
Statystyki odpowiedzi
Odpowiedź % Poprawnych
Swoszowice
79%
Tyniec
59%
Sidzina
53%
Opatkowice
50%
Bieżanów
47%
Mydlniki
47%
Wróblowice
47%
Olszanica
44%
Kościelniki
41%
Wróżenice
41%
Przylasek Rusiecki
38%
Wyciąże
38%
Batowice
35%
Kosocice
35%
Libertów
32%
Przewóz
32%
Przylasek Wyciąski
32%
Lusina
29%
Soboniowice
29%
Wolica
29%
Łuczanowice
26%
Rajsko
26%
Zbydniowice
26%
Węgrzynowice
21%
Nie znaleziono quizów pasujących do podanych kryteriów
Rozkład punktacji
Procent ludzi z każdym wynikiem
Percentyl według liczby udzielonych odpowiedzi
Twoja historia wyników
Nie rozwiązałeś tego quizu